| 000 | 00720nam a2200241 a 4500 | ||
|---|---|---|---|
| 001 | BRCA_7710 | ||
| 005 | 20190320205946.0 | ||
| 008 | 300813s1952----enka######---#000-0#eng-# | ||
| 041 | _aeng | ||
| 044 | _aenk | ||
| 050 | 4 |
_aNK7144 _b.M53 1952 |
|
| 245 | 1 | 0 |
_aMid-Georgian domestic silver _cVictoria and Albert Museum. |
| 260 |
_aLondres _bH. M. Stationary Office _c1952 |
||
| 300 |
_a2 p. _bil., 29 láminas _c18 cm. |
||
| 440 | 0 |
_aIts small picture book _v28 _919063 |
|
| 500 | _aU47 | ||
| 650 | 1 | 4 |
_aPlatería inglesa _97768 |
| 650 | 1 | 4 |
_aVajilla inglesa _vPlata _919064 |
| 650 | 1 | 4 |
_aGalerías y museos _zInglaterra _919065 |
| 710 | 2 |
_aVictoria and Albert Museum (Londres) _919066 |
|
| 902 | _aGFM | ||
| 942 |
_2lcc _cB |
||
| 999 |
_c7384 _d7384 |
||